| 000 | 00596nam a2200181 a 4500 | ||
|---|---|---|---|
| 001 | BRCA_555 | ||
| 005 | 20190320203048.0 | ||
| 008 | 311006s1991-------a---###---#000-0#----d | ||
| 020 | _a1853269530 | ||
| 050 | 4 |
_aNK1484 _b.J37 1991 |
|
| 245 | 1 | 0 |
_aJapanese ornament _bfrom the 17th to the 19th century. |
| 260 |
_aHertfordshire, Inglaterra _bWordsworth _c1991 |
||
| 300 |
_a48 p. _bil. a color _c37 cm. |
||
| 440 | 0 |
_aThe Cambridge Library of Ornamental Art _91914 |
|
| 650 | 1 | 4 |
_aDecoración y ornamentación _xObras maestras _zJapón _91915 |
| 650 | 1 | 4 |
_aArtes decorativas _zJapón _91916 |
| 942 |
_2lcc _cB |
||
| 999 |
_c486 _d486 |
||